Effectiveness of Farmer to Farmar training in dissemination of Farm Information / (Record no. 14722)

MARC details
000 -LEADER
fixed length control field 01195nam a22002897a 4500
003 - CONTROL NUMBER IDENTIFIER
control field BD-DhSAU
005 - DATE AND TIME OF LATEST TRANSACTION
control field 20190912155009.0
008 - FIXED-LENGTH DATA ELEMENTS--GENERAL INFORMATION
fixed length control field 160224b2017 bg ||||| |||| 001 0 eng d
040 ## - CATALOGING SOURCE
Original cataloging agency BD-DhSAU
082 ## - DEWEY DECIMAL CLASSIFICATION NUMBER
Edition number 22
Classification number 630.715
Item number H7949
100 ## - MAIN ENTRY--PERSONAL NAME
Personal name Hossain , Quazi Afzal
Relator term Registration # 13-05802
245 ## - TITLE STATEMENT
Title Effectiveness of Farmer to Farmar training in dissemination of Farm Information /
Remainder of title PhD Thesis
260 ## - PUBLICATION, DISTRIBUTION, ETC. (IMPRINT)
Place of publication, distribution, etc. Sher-e-Bangla Agricultural University
Name of publisher, distributor, etc. Department of Agricultural Extension & Information System,
Date of publication, distribution, etc. 2017
300 ## - PHYSICAL DESCRIPTION
Extent xxvi, 324 p. :
Other physical details ill. ;
Dimensions 30 cm.
500 ## - GENERAL NOTE
General note PhD Thesis , Department of Agricultural Extension & Information System, Faculty of Agriculture, Sher-e-Bangla Agricultural University, Dhaka, Bangladesh
504 ## - BIBLIOGRAPHY, ETC. NOTE
Bibliography, etc Included Bibliographical References.
590 ## - Name of Cataloguer
Name of Cataloger Shofi
650 ## - SUBJECT ADDED ENTRY--TOPICAL TERM
Topical term or geographic name as entry element Agricultural Extension & Information System,
650 ## - SUBJECT ADDED ENTRY--TOPICAL TERM
Topical term or geographic name as entry element Effectiveness
650 ## - SUBJECT ADDED ENTRY--TOPICAL TERM
Topical term or geographic name as entry element Dissemination
650 ## - SUBJECT ADDED ENTRY--TOPICAL TERM
Topical term or geographic name as entry element Farmer to Farmar training
650 ## - SUBJECT ADDED ENTRY--TOPICAL TERM
Topical term or geographic name as entry element Farm Information
700 ## - ADDED ENTRY--PERSONAL NAME
Personal name Ali , Md. Sekander
700 ## - ADDED ENTRY--PERSONAL NAME
Personal name et. all.
856 ## - ELECTRONIC LOCATION AND ACCESS
Uniform Resource Identifier <a href="http://archive.saulibrary.edu.bd:8080/xmlui/handle/123456789/2605">http://archive.saulibrary.edu.bd:8080/xmlui/handle/123456789/2605</a>
Link text Online access
942 ## - ADDED ENTRY ELEMENTS (KOHA)
Source of classification or shelving scheme Dewey Decimal Classification
Koha item type PhD Thesis
Holdings
Withdrawn status Lost status Source of classification or shelving scheme Damaged status Not for loan Collection code Home library Branch Name Date acquired Total Checkouts Full call number Barcode Date last seen Price effective from Koha item type
    Dewey Decimal Classification   Not For Loan Reference SAU Library SAU Library 09/04/2019   630.715 H7949 41288 29/05/2019 29/05/2019 PhD Thesis